00979nam a22002177a 450000100030000000300060000300500170000900800410002602000180006704000290008505000170011408200100013110000330014124500400017426000320021430000240024652004030027052100160067365100490068965500230073830FISKH20250930112222.0230126b cb ||||| |||| 00| 0 eng d a9781407172545 cFISKHaFISKHbengdFISKH aPR 4560b.A1 a823.8 aDickens, Charles.d1812-1870 aGreat expectationscCharles Dickens aLondon :bScholastic,c2017 a598 pages :c20 cm. aPip is content with his simple life until a bitter gentlewoman employs him as a sometime companion to herself and her adopted daughter. Pip then aspires to become a gentleman himself, though his dreams are unrealistic until the day he mysteriously comes into a fortune and is sent to London to become refined. The story follows Pip's journey into adulthood and emotional maturity and understanding. a1150bFISKH0 aEnglandvJuvenile fictionxsocial conditions aChildren's Stories